000 00594nam a22001937a 4500
999 _c6368
_d6368
003 OSt
005 20191106155004.0
008 191106b ||||| |||| 00| 0 eng d
020 _a1412901553
040 _cDDC
082 _a658 INT 2004
100 _aEdited by Verweire, Kurt; Van Den Berghe, Lutgart
_913027
245 _aIntegrated Performance Management: a guide to strategy implementation
260 _aLondon;
_bSage Publications,
_c2004
300 _axvii,334p;
_bIll:
_c24cm
504 _aReferences, & index included
650 _aPerfomance management
_913028
942 _2ddc
_cO_SHELF